| 000 | 00901nam a2200241 a 4500 | ||
|---|---|---|---|
| 005 | 20160510145518.0 | ||
| 008 | 140123b2004 ck ||||| |||| 00| 0 spa d | ||
| 040 |
_cCO-BoIAVH _aCO-BoIAVH |
||
| 041 | _aspa | ||
| 044 | _ack | ||
| 090 |
_aIAVH _b00389 |
||
| 100 | 1 | _aErazo, Jaime | |
| 245 | 1 | 0 | _aAnálisis de la aplicación de la exoneración del impuesto predial como incentivo para la conservación en Manizales. |
| 260 |
_aManizales: _bInstituto Alexander von Humboldt, _c2004. |
||
| 300 | _a41 páginas | ||
| 500 | _aProyecto Andes - Línea de valoración y equidad. | ||
| 650 | 1 | 0 |
_aimpuesto predial _xexoneración _zManizales _zColombia |
| 650 | 1 | 0 |
_aConservación de la biodiversidad _zManizales _zColombia |
| 650 | 1 | 0 |
_aBosques _xconservación _zManizales _zColombia |
| 700 | 1 | _aBenjumea Celemín, Fernando | |
| 942 |
_cINFORME _2z _01 |
||
| 945 | _d2005-07-19 | ||
| 999 |
_c4682 _d4682 |
||